| 000 | 00679nam a2200241Ia 4500 | ||
|---|---|---|---|
| 003 | OSt | ||
| 005 | 20230524112646.0 | ||
| 008 | 210423s2013 xx 000 0 und d | ||
| 020 | _a978-81-317-5920-2 | ||
| 040 | _cAL | ||
| 041 | _aeng | ||
| 082 |
_a332.6 RANS _223 |
||
| 100 |
_aRANGANATHAM (M);MADHUMATHI (R) _9112099 |
||
| 245 | _aSecurity analysis and portfolio management Ed 2 | ||
| 250 | _a2 | ||
| 260 |
_aNew Delhi _bPearson Education Pvt Ltd _c2013 |
||
| 300 |
_axxvi,766 _bPB |
||
| 365 |
_b430 _cINR |
||
| 650 |
_aEconomics _9112100 |
||
| 650 |
_aInvestment Management _9112101 |
||
| 906 | _aanalysis ; Ed ; management ; portfolio ; Security | ||
| 942 |
_2ddc _cBK |
||
| 999 |
_c165387 _d165387 |
||